000 00470nam a2200193Ia 4500
003 LK-CoDNM
008 010623t1996 xxu||||| |||| 00| 1 sin d
040 _aLK-CoDNM
_dLK-CoDNM
_eLK-CoDNM
041 _asin
080 _ax 82-12 HER
100 _aHerath, K.B.
245 _aදෝනකතරිනා
246 _aDonakatharina
260 _bSara prakashana
_aKottawa
_c1996
300 _b72, 21.5 cm
650 _aDrama
650 _aLiterature
942 _cBK
999 _c117718
_d117718